| 000 | 02563nam0a2200373 4500 | ||
|---|---|---|---|
| 001 | RU\NLR\BIBL_A\012280198 | ||
| 005 | 20250908085711.0 | ||
| 010 |
_a978-5-6043144-2-5 _9500 |
||
| 021 |
_aRU _bКН-П-20-010427 _9КН-П-20-0809 |
||
| 035 | _a(NLR Aleph) 012280198 | ||
| 035 | _a(RuMoRGB)010284504 | ||
| 090 |
_a11214457 _c11214457 |
||
| 100 | _a20200625d2019 u y0rusy50 ca | ||
| 101 | 0 | _arus | |
| 102 | _aRU | ||
| 105 | _aa|||z|||000zy | ||
| 181 | 0 |
_ai _baxxe |
|
| 182 | 0 | _an | |
| 200 | 1 |
_aПроектирование компонентов автоматизированных систем в примерах _eучебное пособие _eдля обучающихся по образовательным программам высшего образования по направлениям подготовки 09.03.01 Информатика и вычислительная техника и 09.03.04 Программная инженерия _fТ. В. Волкова, Е. Н. Чернопрудова _gФедеральное государственное бюджетное образовательное учреждение высшего образования "Оренбургский государственный университет", Кафедра программного обеспечения вычислительной техники и автоматизированных систем |
|
| 203 |
_aТекст _bвизуальный _cнепосредственный |
||
| 210 |
_aОренбург _cАгентство Пресса _d2019 |
||
| 215 |
_a177 с. _cил., табл. _d21 |
||
| 320 | _aБиблиогр.: с. 137-142 (72 назв.) | ||
| 606 | 1 |
_aАСУ _jУчебные издания для высших учебных заведений _xПроектирование _92288682 _3RU\NLR\AUTH\661370804 |
|
| 606 | 1 |
_aАвтоматизированные информационные системы _jУчебные издания для высших учебных заведений _xПроектирование _92267434 _3RU\NLR\AUTH\661359159 |
|
| 686 | 1 | _aЗ986-02я73-1 | |
| 686 | 1 | _aЗ973.233-02я73-1 | |
| 700 | 1 |
_7ca _8rus _aВолкова _bТ. В. _cканд. техн. наук _gТатьяна Викторовна _9102148 _3RU\NLR\AUTH\77119223 |
|
| 701 | 1 |
_aЧернопрудова _bЕ. Н. _gЕлена Николаевна |
|
| 942 | _cBOOK | ||
| 980 | _aNBR | ||
| 980 | _aNB | ||